banner koha

Evapotranspiracao do milho (Zea mays L.)e sua relacao com a evaporacao do tanque classe A [climatologia, Rio Grande do Sul, Brasil] (Registro n. 109501)

MARC details
000 -LÍDER
campo de controle de tamanho fixo 01115nas a2200301 4500
001 - NÚMERO DE CONTROLE
campo de controle BR8202258
003 - IDENTIFICADOR DO NÚMERO DE CONTROLE
campo de controle BR-BrBNA
005 - DATA E HORÁRIO DA ÚLTIMA TRANSAÇÃO
campo de controle 20231205085137.0
007 - CAMPO FIXO DE DESCRIÇÃO FÍSICA--INFORMAÇÃO GERAL
campo de controle de tamanho fixo ta
008 - CAMPO DE DADOS FIXOS--INFORMAÇÃO GERAL
campo de controle de tamanho fixo 230509b bl.|||p| |||| 00| 00por d
040 ## - FONTE DA CATALOGAÇÃO
Instituição da catalogação original BR-BrBNA
Idioma da catalogação por
Instituição que transcreveu o registro Biblioteca Nacional de Agricultura
041 ## - CÓDIGO DE IDIOMA
Código do idioma do texto/trilha sonora ou título diferente (Pt)
072 ## - CÓDIGO DE CATEGORIA DE ASSUNTO
Código de Categoria de Assunto F60; F40
100 1# - ENTRADA PRINCIPAL--NOME PESSOAL
Nome pessoal Matzenauer, R.
100 1# - ENTRADA PRINCIPAL--NOME PESSOAL
Nome pessoal Westphalen, S.L.
100 1# - ENTRADA PRINCIPAL--NOME PESSOAL
Nome pessoal Bergamaschi, H.
100 1# - ENTRADA PRINCIPAL--NOME PESSOAL
Nome pessoal Sutili, V.R.
245 1# - TÍTULO
Título Evapotranspiracao do milho (Zea mays L.)e sua relacao com a evaporacao do tanque classe A [climatologia, Rio Grande do Sul, Brasil]
Restante do título Parte de dissertacao
246 1# - FORMA VARIANTE DO TÍTULO
Título/título abreviado [Evapotranspiration of maize (Zea mays L.)and its relation with evaporation of the class A pond [climatology, Rio Grande do Sul, Brazil]]
Restante do título [Part of dissertation]
650 ## - ASSUNTO--TERMO TÓPICO
Cabeçalho tópico ou nome geográfico MILHO
650 ## - ASSUNTO--TERMO TÓPICO
Cabeçalho tópico ou nome geográfico MATURACAO
650 ## - ASSUNTO--TERMO TÓPICO
Cabeçalho tópico ou nome geográfico EVAPOTRANSPIRACAO
650 ## - ASSUNTO--TERMO TÓPICO
Cabeçalho tópico ou nome geográfico PRECIPITACAO PLUVIAL
650 ## - ASSUNTO--TERMO TÓPICO
Cabeçalho tópico ou nome geográfico RIO GRANDE DO SUL
773 0# - ENTRADA ANALÍTICA
Título Agronomia Sulriograndense (Brazil)
ISSN - International Standard Serial Number ISSN 0400-8111
Partes relacionadas (1981), v. 17(2) p. 273-295
Número de controle do registro BR8202258
909 ## -
-- 202311
-- Lúcia
-- 55
-- Lúcia Elande
942 ## - ELEMENTOS DE ENTRADA ADICIONADOS (KOHA)
Fonte da classificação ou esquema de arquivamento na estante Classificação AGRIS
Ocultar no OPAC Não
Tipo de material Koha Analítica
Exemplares
Situação do descarte Fonte da classificação ou esquema de arquivamento na estante Situação física Não pode ser emprestado Biblioteca de origem Biblioteca atual Localização na estante Enumeração do periódico / cronologia Total de empréstimos Data de último acesso Número do exemplar Tipo de material Koha Fonte de aquisição
  Classificação AGRIS   Consulta local Biblioteca Nacional de Agricultura - Binagri Biblioteca Nacional de Agricultura - Binagri   (1981), v. 17(2) p. 273-295   29/11/2023 01 Periódicos Portaria Interministerial nº 164/94

BINAGRI

Telefone: (61)3218-2567/2388/3357/2097 - binagri@agro.gov.br

Ministério da Agricultura e Pecuária , Esplanada dos Ministérios, Bloco D, Anexo B, Brasília/DF, CEP: 70.043-900